000 00673nam a2200205Ia 4500
003 GCL
008 140319s9999 xx 000 0 ara d
040 _aGCL /
_cGCL
082 0 4 _aط
_b372.52
_bق و
100 1 _aداليا عبدالناصر
245 1 0 _aالوحوش /
_cداليا عبدالناصر
250 _aالاولى
260 _aالقاهرة :
_bدار الفاروق للنشر والتوزيع ،
_c2003
300 _a ؛
_c22 سم
490 _aكون بنفسك الوجوه الطريفة
_v0
650 0 4 _aرسوم الاطفال
650 0 4 _aالرسم - تعليم وتدريس
650 0 4 _aالتعليم بالرسم
942 _2ddc
_cBK
999 _c8281
_d8281